000 00654cam a2200181 4500500
005 20250921004025.0
041 _afre
042 _adc
100 1 0 _aTricot, Juliette
_eauthor
700 1 0 _a Sotis, Carlo
_eauthor
700 1 0 _a Fronza, Emanuela
_eauthor
700 1 0 _a d’Ambrosio, Luca
_eauthor
245 0 0 _aOuverture - Des mots pour et de Mireille
260 _c2022.
500 _a29
786 0 _nRevue de science criminelle et de droit pénal comparé | 3 | 3 | 2022-10-13 | p. 503-507 | 0035-1733
856 4 1 _uhttps://shs.cairn.info/revue-de-science-criminelle-et-de-droit-penal-compare-2022-3-page-503?lang=fr&redirect-ssocas=7080
999 _c1507237
_d1507237